000
00332nam a22001457a 4500
020
_a
9781420073874
082
_a
660.284 26 KUD/AD
100
_a
Kudra, Tadeusz
100
_a
Mujumdar, Arun S
245
_a
Advanced Drying Technologies
250
_a
Ed 2
260
_a
Boca Raton
_b
CRC Press
_c
2009
300
_a
462
942
_c
BK
999
_c
13868
_d
13868